Memorias y Política. Experiencia, poéticas y construcciones de Nación

Saved in:
Bibliografiske detaljer
Hovedforfatter: Peza Casares, María del Carmen de la (Author)
Format: Bog
Sprog:spansk
Udgivet: Buenos Aires Prometeo Libros 2009
Fag:
Tags: Tilføj Tag
Ingen Tags, Vær først til at tagge denne postø!

MARC

LEADER 00000nam a2200000 a 4500
001 UCG5741
003 CL-VaPUC
008 110317e20091200AG |||||||||||||||||spa|d
020 |a 9789875743496 
082 0 4 |a 320.09  |b PEZ  |2 21 
100 0 |a Peza Casares, María del Carmen de la  |e author  |9 555517 
245 1 0 |a Memorias y Política. Experiencia, poéticas y construcciones de Nación 
300 |a 286 p 
942 |c BK 
945 |d 20110317 00:00:00  |a jcampos 
260 |a Buenos Aires  |b Prometeo Libros  |c 2009 
600 0 7 |a SHMUCLER, HECTOR  |2 CL-VaPUC  |9 555518 
600 0 7 |a PERNASETTI, CECILIA  |2 CL-VaPUC  |9 555519 
600 0 7 |a OBERTI, ALEJANDRA  |2 CL-VaPUC  |9 555520 
600 0 7 |a AMADO, ANA  |2 CL-VaPUC  |9 555521 
600 0 7 |a CEJAS, MONICA  |2 CL-VaPUC  |9 555522 
600 0 7 |a RUFER, MARIO  |2 CL-VaPUC  |9 555523 
600 0 7 |a ARCE PADRON, YISSEL  |2 CL-VaPUC  |9 555524 
650 0 |a Historia política  |9 256974 
650 7 |a MEMORIA POLITICA  |2 CL-VaPUC  |9 555525 
651 7 |a SUDAFRICA  |2 CL-VaPUC  |9 261695 
651 0 |a Argentina  |9 254888 
583 |a last modification  |c 20110317 00:00:00  |k Rodrigo Vera 
999 |c 344121  |d 344119 
952 |0 0  |1 0  |4 0  |6 320_090000000000000_PEZ_2009  |7 0  |8 A  |9 441919  |a BIBHIS  |b BIBHIS  |d 2019-11-22  |i 4755111  |o 320.09 PEZ 2009  |p 4755111  |r 2025-01-20  |w 2019-11-22  |y BK  |k HIS